000 00545nam a2200193Ia 4500
003 GCL
008 140319s9999 xx 000 0 eng d
040 _aGCL /
_cGCL
082 0 4 _a738.092
_bW A
100 1 _aWILSEN RICHARD L
245 1 0 _aTHE ART OF OGATA KENZAN: PESSONA AND PRODUCTION IN JAPENESE CERAMICS /
_cWILSEN RICHARD L
260 _a[S.N] :
_bWEATHERHILL ،
_c1991
300 _a271 P
650 0 4 _aJAPAN
650 0 4 _aOGATA, KENZAN, 1663-1743
650 0 4 _aJAPAN - BIOGRAPHIES
650 0 4 _aJAPAN - POTTERY
942 _2ddc
_cBK
999 _c19299
_d19299